| 000 | 01059nam a2200289 4500 | ||
|---|---|---|---|
| 001 | 0000013382 | ||
| 003 | CO-CtgCURN | ||
| 005 | 20250331184739.0 | ||
| 007 | ta | ||
| 008 | 160627s1997 000 0 eng d | ||
| 020 | _a9589539726 | ||
| 040 |
_aCO-CtgCURN _bspa _ccoctgcurn |
||
| 082 | 0 |
_a574.5 _bC81c |
|
| 245 | 0 | 0 |
_aCuadernos verdes : _beducación ambiental para el desarrollo sostenible / _cColegio Verde de Villa de Leyva. |
| 260 |
_aBogotá : _bEl Colegio Verde de Villa de Leyva, _c1997. |
||
| 300 | _a306 p. | ||
| 336 | _2rdacontent | ||
| 337 |
_2rdamedia _asin mediacion _bn |
||
| 338 |
_2rdacarrier _avolumen _bnc |
||
| 490 | 1 |
_aCuadernos verdes ; _v9 |
|
| 505 | 8 | _aNuestro futuro comun.--De una tiera a un mundo.--Una estrategia de desarrollo sostenible para el hemisferio.--Aprender para el futuro educación ambiental | |
| 650 | 1 | 4 | _aEducación ambiental. |
| 710 | 2 | _aColegio Verde de Villa de Leyva. | |
| 908 | _a160627 | ||
| 942 |
_cBK _h574.5 _iC81c _2ddc |
||
| 999 |
_c21189 _d21189 |
||